Cómo enseñar las fracciones en el nivel básico / (Registro nro. 9488)

Detalles MARC
000 -LIDER
fixed length control field 01126nam a2200265 4500
001 - NÚMERO DE CONTROL
Identificador de número de control 0004563
003 - IDENTIFICACDOR DE NÚMERO DE CONTROL
control field DO-SdBNP
005 - DATE AND TIME OF LATEST TRANSACTION
control field 20241022133904.0
007 - CAMPOS FIJOS DE DESCRIPCIÓN FÍSICA
fixed length control field 0004563
008 - ELEMENTOS DE LONGITUD FIJA
fixed length control field 160331b1999 dr || 00| 0 spa d
040 ## - FUENTE DE CATALOGACIÓN
Agencia que crea de manera original el registro BPMDU
Idioma de catalogación spa
Agencia que realiza la transcripción BPMSU
082 #4 - NÚMERO DE CLASIFICACIÓN DECIMAL DE DEWEY
Classification number 513.26071
Edition number 22
100 1# - ASIENTO PRINCIPAL -- NOMBRE PERSONAL
Término de relación Luciano López, Margarita
245 10 - MENCIÓN DE TITULO
Título Cómo enseñar las fracciones en el nivel básico /
Mención de responsabilidad Margarita Luciano López
250 ## - MENCIÓN DE EDICION
Mención de edición 2a. ed.
260 ## - PUBLICACIÓN, DISTRIBUCIÓN, ETC. (PIE DE IMPRENTA)
Lugar de publicación, distribución, etc Santo Domingo :
Nombre del editor, distribuidor, etc. Punto Gráfico,
Fecha de publicación, distribución, etc 1999
300 ## - DESCRIPCIÓN FÍSICA
Extensión 90 p. :
Otros detalles físicos il. ;
Dimensiones 22 cm.
490 0# - MENCIÓN DE SERIES
Mención de serie Orientaciones matemáticas
505 0# - NOTA DE CONTENIDO
Texto normalizado de contenido Las fracciones 9|Fracciones equivalentes a la unidad, equivalentes entre sí, impropias y numerales mixtos 29|Comparación de fracciones entre sí y de fracciones con la unidad 37|Operaciones con fracciones 47|Aprendizaje de las fracciones a través del juego 57|Fracciones decimales y conexiones matemáticas 63|Utilidad de las fracciones 79|Bibliografía 85
590 ## - NOTA LOCAL
Texto de la nota local Inventariado, 2024/VM
650 #4 - ENCABEZAMIENTO DE MATERIA--TEMÁTICO
Término temático o nombre geográfico como elemento de entrada Fracciones
Subdivisión temática general Enseñanza
Materiales especificados
650 #4 - ENCABEZAMIENTO DE MATERIA--TEMÁTICO
Término temático o nombre geográfico como elemento de entrada Métodos de enseñanza
910 ## - VALIDACIÓN
Validación VMateo V. Control de calidad. BPMSU
942 ## - ADDED ENTRY ELEMENTS (KOHA)
Source of classification or shelving scheme Dewey Decimal Classification
Koha item type Libros
Existencias
Withdrawn status Lost status Source of classification or shelving scheme Damaged status Not for loan Home library Current library Date acquired Source of acquisition Total Checkouts Full call number Barcode Date last seen Price effective from Koha item type
    Dewey Decimal Classification     Biblioteca Pública Metropolitana Salomé Ureña Biblioteca Pública Metropolitana Salomé Ureña 03/31/2016 FUNDI   BPMSU CD 513.26071 L937c 1999 BPMSU16030412 03/31/2016 03/31/2016 Libros